Laborem exercens: carta encíclica del Sumo Pontífice a los venerables hermanos en el episcopado

Guardat en:
Dades bibliogràfiques
Autor principal: Juan Pablo II, Papa (Autor)
Format: Llibre
Idioma:espanyol
Publicat: Santiago Salesiana 1982
Matèries:
Etiquetes: Afegir etiqueta
Sense etiquetes, Sigues el primer a etiquetar aquest registre!

MARC

LEADER 00000nam a2200000 a 4500
001 UCX0977
003 CL-VaPUC
008 900502e19820000CL |||||||||||||||||spa|d
082 0 4 |a 262.91  |b JUA  |2 21 
100 0 |a Juan Pablo II, Papa  |e author  |9 257113 
245 1 0 |a Laborem exercens: carta encíclica del Sumo Pontífice a los venerables hermanos en el episcopado 
300 |a 109 p 
942 |c BK 
945 |d 19900502 00:00:00 
260 |a Santiago  |b Salesiana  |c 1982 
650 7 |a TRABAJO Y TRABAJADORES DOCUMENTOS PONTIFICIOS  |2 CL-VaPUC  |9 310699 
583 |a last modification  |c 19900502 00:00:00  |k Rodrigo Vera 
999 |c 222337  |d 222335